000 00945nam a22002771u 4500
001 03300
003 HDC
007 cr bn ---
008 210106p2007 my fo d 00 g
040 _aHDC
100 _aNORAQILAH OMAR
_eauthor
_92433
245 0 _aKEFAHAMAN PENGGUNA PENSIJILAN HALAL PADA MAKANAN SEGERA
_cby NORAQILAH OMAR
260 _aMalaysia:
_bUniversiti Malaysia Sabah
_c2007
300 _a27 pages
336 _atext
_2rdacontent
337 _acomputer
_2rdamedia
338 _aonline resource
_2rdacarrier
500 _aIncludes bibliograpgical references and index
650 _aIndustri halal
_92268
650 _aMakanan segera
_xIslam
_92434
650 _aPensijilan halal
_92421
856 _zRequest full-text at [email protected]
942 _2lcc
942 _cTHE
942 _kTHES 000087
999 _c686
_d686